[Event "Tata Steel-A 80th"]
[Site "Wijk aan Zee"]
[Date "2018.01.28"]
[Round "13"]
[White "Karjakin, Sergey"]
[Black "Carlsen, Magnus"]
[Result "1/2-1/2"]
[WhiteElo "2753"]
[BlackElo "2834"]
[Annotator "Fernandez,Daniel Howard"]
[PlyCount "67"]
[EventDate "2018.01.13"]
[EventType "tourn"]
[EventRounds "13"]
[EventCountry "NED"]
[EventCategory "20"]
[SourceTitle "CBM 183"]
[Source "ChessBase"]
[SourceDate "2018.03.14"]
[SourceVersion "1"]
[SourceVersionDate "2018.03.14"]
[SourceQuality "1"]
[TimeControl "40/6000+30:20/3000+30:900+30"]

1. e4 {[%emt 0:00:00]} e5 {[%emt 0:00:10]} 2. Nf3 {[%emt 0:00:00]} Nc6 {[%emt 0:00:04]} 3. Bb5 {[%emt 0:00:00]} a6 {[%emt 0:00:19]} 4. Ba4 {[%emt 0:00:00]} Nf6 {[%emt 0:00:05]} 5. O-O {[%emt 0:00:00]} Be7 {[%emt 0:00:08]} 6. Re1 {[%emt 0:00:00]} b5 {[%emt 0:00:10]} 7. Bb3 {[%emt 0:00:02]} O-O {[%emt 0:00:06]} 8. a4 {[%emt 0:00:07] No Breyer today.} b4 {[%emt 0:00:05]} (8... Bb7 {is more popular, but I have never understood the appeal of developing the bishop to a diagonal that will remain closed, in the case when the Breyeresque ...c5-c4 is still some moves off.} 9. d3 d6 10. Nc3 {is White's point; Black's queenside pawns will not be permitted to advance abreast. The best he might be able to do is} Na5 11. Ba2 b4 12. Ne2 c5 13. Ng3 g6 (13... Bc8 14. c3 Rb8 15. d4 $36 {Duda,J-Najer,E Czech Republic 2017}) 14. h3 {when White appears to have extra tempi in his kingside attack, compared to most systems with an early d3.}) (8... Rb8 {is slightly compliant: after} 9. axb5 axb5 10. c3 d6 11. d4 {Black lacks the usual recourse of ...a5 in the line} exd4 12. cxd4 Bg4 13. Be3 {so might have to make do with} d5 14. e5 Ne4 15. h3 Bh5 16. Nc3 $36 {; furthermore, 13.c3!? might be unexpectedly strong in spite of the doubled f-pawns.}) 9. d4 {[%emt 0:01:17]} (9. a5 d6 10. d3 Be6 11. Bxe6 fxe6 12. Nbd2 {led to a nice win for Magnus himself in Carlsen,M-Aronian,L Saint Louis 2017; one wonders where the improvement was?}) (9. d3 d6 10. Nbd2 Na5 11. Ba2 c5 12. c3 Rb8 {is now fine for Black, who has not wasted time on ...b7 unlike in the 8...b7 line.}) 9... d6 {[%emt 0:00:07]} 10. dxe5 {[%emt 0:00:05]} Nxe5 {[%emt 0:00:08]} 11. Nxe5 {[%emt 0:05:48]} (11. Nbd2 Ned7 $5 {was an unusual method of pressuring e4, but a successful one:} 12. Nd4 Bb7 13. c3 bxc3 14. bxc3 Nc5 15. Bc2 Re8 16. f3 Nfd7 17. a5 d5 $11 {Nakamura, H-Svidler,P Saint Louis 2017}) 11... dxe5 {[%emt 0:00:06]} 12. Qe2 {[%emt 0:00:04]} a5 {[%emt 0:00:49] Possibly still affected by his own experience on the White side, Carlsen decides to avoid White's a5-ideas.} (12... Bc5 {is of course fine immediately.}) 13. Nd2 {[%emt 0:10:03]} Bc5 {[%emt 0:01:05]} 14. Nf3 {[%emt 0:06:46]} ({RR} 14. h3 Bb7 15. Bc4 Qe7 16. Bd3 Rfd8 17. Nf3 h6 18. Nh4 Bc8 19. Qf3 Rb8 20. Bc4 Rb6 21. b3 Rbd6 22. Bb2 Rd2 23. Re2 Rxe2 24. Qxe2 Ng4 25. Nf5 Bxf5 26. hxg4 Be6 27. Bxe6 Qxe6 28. Rd1 Rd6 {Dominguez Perez,L (2763)-Ding,L (2805) Saint Louis 2019 ½-½}) 14... Qe7 $146 {[%emt 0:02:23]} ({RR} 14... Ng4 15. Bg5 Qd6 16. Bh4 Ba6 17. Qd2 Qxd2 {½-½ (17) Talibov,S (2423)-Suleymanli,A (2617) Baku AZE 2025}) 15. Be3 {[%emt 0:12:57]} Ba6 {[%emt 0:19:41]} 16. Bxc5 {[%emt 0:02:31]} Qxc5 {[%emt 0:00:04]} 17. Qe3 {[%emt 0:00:04]} Qxe3 {[%emt 0:00:52]} 18. Rxe3 {[%emt 0:00:01]} Rfe8 $11 {[%emt 0:02:35] Initially this position looked to me to be slightly nicer for White, but this isn't really the case. In fact, Black may have more ideas in the position, and in the long term has the better bishop, so it would not surprise me if he was vaguely thinking about winning here.} 19. c3 {[%emt 0:02:40]} (19. h3 c5 20. Rd1 c4 21. Ba2 Kf8 $132 {is hard to get enthused about from the White side, especially if we remember Adhiban-Carlsen from round 2.}) 19... Ng4 {[%emt 0:01:23]} 20. Ng5 {[%emt 0:06:14] Simplifying quickly lest he end up worse.} Nxe3 {[%emt 0:02:28]} 21. Bxf7+ {[%emt 0:00:14]} Kf8 {[%emt 0:00:06]} 22. Bxe8 {[%emt 0:00:43]} Rxe8 {[%emt 0:01:06]} 23. fxe3 {[%emt 0:00:07]} bxc3 {[%emt 0:01:57]} 24. bxc3 {[%emt 0:00:09]} h6 {[%emt 0:00:20]} 25. Nf3 {[%emt 0:00:55]} Bd3 {[%emt 0:01:30]} 26. Rd1 {[%emt 0:01:54]} Bxe4 {[%emt 0:00:07]} 27. Rd7 {[%emt 0:00:11] Continuing to force pieces off, because if White plays slowly the bishop will be superior.} Re7 {[%emt 0:03:06]} 28. Rd8+ {[%emt 0:00:23]} (28. Rxe7 Kxe7 29. Nxe5 Ke6 30. Nc4 Kd5 31. Nxa5 Bc2 {leads to an odd position where White is a pawn up but only he is taking risks.}) 28... Kf7 {[%emt 0:00:43]} 29. Nd2 {[%emt 0:00:41]} Bc6 {[%emt 0:00:19]} 30. Nc4 {[%emt 0:00:38]} Ke6 {[%emt 0:01:41]} 31. Nxa5 {[%emt 0:02:20]} Bxa4 {[%emt 0:00:07]} 32. Nb7 {[%emt 0:00:59]} Re8 {[%emt 0:03:30]} (32... Bd7 {might be a try if Black is desperate to play on.} 33. e4 (33. Nc5+ Kd6 34. Ne4+ Kc6 35. Kf2 Be8 $132) 33... Rf7 34. Nc5+ Kd6 35. Nd3 c5 $132 {Objectively this might be nothing for Black, and so there is no reason to go for it, especially if one has looked at Anish Giri's game and concluded he is unlikely to win.}) 33. Nc5+ {[%emt 0:00:14]} Kf6 {[%emt 0:00:28]} 34. Rxe8 $11 {[%emt 0:01:04] Unlike the previous note, here White gets to play a6 immediately, and thus seal up the whole position.} 1/2-1/2

[Event "Grenke Chess Classic 5th"]
[Site "Karlsruhe/Baden-Baden"]
[Date "2018.04.01"]
[Round "2"]
[White "Carlsen, Magnus"]
[Black "Hou, Yifan"]
[Result "1-0"]
[WhiteElo "2843"]
[BlackElo "2654"]
[Annotator "Roiz,Michael"]
[PlyCount "121"]
[EventDate "2018.03.31"]
[EventType "tourn"]
[EventRounds "9"]
[EventCountry "GER"]
[EventCategory "20"]
[SourceTitle "CBM 184"]
[Source "ChessBase"]
[SourceDate "2018.05.16"]
[SourceVersion "1"]
[SourceVersionDate "2018.05.16"]
[SourceQuality "1"]

1. e4 e5 2. Bc4 Nf6 3. d3 c6 4. Qe2 {As often happens, Magnus prefers to take the game into relatively unexplored territory at an early stage.} Be7 {A somewhat modest choice.} ({The more ambitious way of development would be:} 4... Bc5 $5 5. Nf3 O-O 6. O-O d5 7. Bb3 h6 {Black isn't worse, to say the least.}) ({Possibly, the most principled was} 4... d5 $5 5. exd5 cxd5 6. Bb5+ Nc6 7. Qxe5+ Be7 8. Nf3 O-O 9. Bxc6 bxc6 10. O-O Bd6 $44 {The powerful bishops provide Black excellent compensation for the pawn.}) 5. Nf3 d6 {There is nothing wrong with this natural move, but now the early queen's move is sort of justified.} ({I guess, more challenging for Magnus would be} 5... O-O 6. O-O d5 7. Bb3 dxe4 8. dxe4 Nbd7 {and Black is fine, though a long strategic struggle lies ahead.}) 6. c3 Nbd7 7. Bb3 O-O 8. O-O a5 $146 ({RR} 8... Re8 9. Re1 Nf8 10. Nbd2 Ng6 11. Nf1 Be6 12. Bxe6 fxe6 13. d4 exd4 14. cxd4 Nd7 15. Ng3 Bf6 16. Bd2 Rc8 17. Nh5 e5 18. Qc4+ Kh8 19. Bc3 exd4 20. Nxd4 d5 21. exd5 Rxe1+ 22. Rxe1 Nb6 23. Qd3 {Paehtz,E (2449)-Molchanova,T (2359) Dagomys 2008 1-0}) 9. d4 $146 {This natural move is a novelty.} ({The previously played} 9. a4 {didn't pose Black serious problems:} b5 10. Bc2 Ba6 11. axb5 cxb5 12. Nbd2 Qc7 $132 {Polgar,J - Gelfand,B Khanty-Mansiysk 2009}) 9... a4 ({It made sense to postpone the a5-a4 advance:} 9... Re8 $5 10. Nbd2 ({Toothless is} 10. Ng5 d5 11. exd5 Nxd5) 10... Bf8 $132 {with decent pressure on the e4-pawn.}) 10. Bc2 {Black has managed to seize some space on the q-side, but White's centre is well protected now.} Re8 {The standard way of relocating the pieces.} (10... b5 11. Re1 Ba6 12. Nbd2 Re8 $132) 11. Re1 Bf8 12. Qd1 {Indeed, the e2 is somewhat misplaced, so White to has to remove it sooner or later.} b5 13. Nbd2 {No doubt, in comparison to the Classical Ruy Lopez, Black managed to make a lot of progress on the queenside, so White has no advantage. However, all the pieces are on the board, so the World Champion can still be satisfied with what he got.} Qc7 ({Once again, Hou Yifan is deviating from the most ambitious way of handling the position:} 13... Bb7 $5 14. Nf1 exd4 15. cxd4 c5 16. d5 g6 $132) 14. Nf1 g6 15. Bg5 h6 {A somewhat weakening move, though Black mostly can do with it.} (15... Bg7 $5 16. Ng3 c5 17. d5 c4 $132) 16. Bd2 Bg7 17. Ng3 Nb6 18. b3 {This advance is inviting simplifications, but what else?} (18. Bd3 Nc4 19. Bxc4 bxc4 {would offer Black an excellent play along the b-file.}) 18... axb3 19. axb3 Rxa1 20. Qxa1 Bg4 {Both sides have mobilised their forces, so the position is about equal.} 21. Qc1 $5 {An interesting choice! Magnus is inviting his opponent to enter into an unbalanced position.} (21. Nh4 exd4 22. cxd4 c5 $132) 21... Bxf3 {Accepting the challenge! Now the position is getting much more complex.} (21... Kh7 {also looks perfectly playable:} 22. Nh4 c5 23. h3 Bd7 24. d5 Ra8 $132) 22. gxf3 {The change of pawn structure is double-edged: The g1 is getting less safe, but White can use the f-pawn for attacking the opponent's centre.} h5 23. Bh6 {This move clearly illustrates White's attacking ambitions.} Qe7 {Not fearing ghosts!} ({Another possibility was} 23... Bh8 $5 24. Kh1 c5 25. d5 Ra8 $132) 24. Bxg7 Kxg7 25. Qg5 Kh7 ({A seemingly more precise move was} 25... Kh8 $1 {, and then} 26. Ra1 Ra8 27. Rxa8+ Nxa8 28. f4 exf4 29. Qxf4 Nc7 {looks acceptable for Black.}) 26. f4 (26. Ra1 $5 Nfd7 (26... Ra8 $6 {runs into} 27. Rxa8 Nxa8 28. f4 exd4 29. e5 dxe5 30. f5 $36) 27. Qxe7 Rxe7 28. Ne2 {would have secured White a small advantage due to control over the open a-file, but Magnus lays claim to more.}) 26... Nfd7 {I guess, liquidating into an endgame isn't the best practical decision, even though Black's position isn't bad at all.} (26... exf4 $5 {deserved serious attention:} 27. Qxf4 b4 $1 28. c4 ({After} 28. cxb4 $6 Nbd5 29. Qd2 h4 30. Nf1 Nh5 $15 {Black takes full control over the dark squares.}) 28... Nbd7 29. Ra1 c5 $132 {and the resulting complex position contains definite strategic risk for both sides.}) 27. Qxe7 Rxe7 28. fxe5 dxe5 {Now White's position looks somewhat better due to superiority in the centre.} 29. Rd1 (29. Ra1 $5 exd4 30. cxd4 c5 31. Ne2 cxd4 32. Nxd4 {would offer White a tiny advantage, even though the simplifications favour Black.}) 29... Re8 30. dxe5 {The most consistent. Still, releasing the tension makes Black's knights much more mobile.} Nxe5 ({Another decent way of handling the position was} 30... h4 $5 31. Ne2 (31. e6 Rxe6 32. Ne2 Kg7 33. f4 Nf6 34. e5 Nfd5 $11) 31... Nxe5 32. f4 Ng4 33. Rd6 Ra8 $1 {with sufficient counterplay.}) 31. f4 Ng4 32. Rd6 Re6 {This is a definite concession - Black loses access to the open file.} ({The active defence would most likely secure a draw:} 32... Ra8 $1 33. Rxc6 Ra2 34. Bd3 h4 $1 35. Rxb6 hxg3 36. hxg3 Nh2 37. Rxb5 Nf3+ 38. Kf1 Nh2+ $11) 33. Rd8 Kg7 34. Nf1 {Till now Hou Yifan has been defending well, but her next move invites serious troubles.} ({White achieves nothing special with} 34. h3 Ne3 35. Bd3 Re7 36. Rb8 Nd7 37. Rb7 Kf8 $11) 34... Rf6 $2 {Alas, after locking the f6-spot Black's position lacks harmony.} ({After the correct} 34... Nf6 35. Nd2 Re7 36. Rd6 Ra7 37. Bd3 (37. Rxc6 Ra2 $11) 37... Rd7 38. Rxd7 Nbxd7 {White hardly would have real winning chances.}) 35. h3 Nh6 36. f5 $1 gxf5 37. Ng3 Rg6 38. Kf2 $2 {This inaccurate move oculd have spoiled all the advantage!} ({A much better one is} 38. Kh2 $1 Rg5 (38... fxe4 39. Nxh5+ Kh7 40. Nf4 Rg5 41. Bxe4+ Kg7 42. Bxc6 {, and White is winning, since the pawn is untouchable:} Rc5 43. Be4 Rxc3 44. Nh5#) 39. h4 Rg4 40. Kh3 $1 fxe4 41. Bxe4 $18 {and Black cannot avoid the major loss of material.}) 38... fxe4 $2 {Luckily for Carlsen, his opponent doesn't take her chance!} ({Had she played} 38... Rg5 $1 {Black's problems would be solved. For instance,} 39. h4 Rg4 {, and White isn't better.}) 39. Nxh5+ Kh7 40. Bxe4 f5 41. Bg2 {Despite the limited material balance, Black's position is lost - there are too many weaknesses.} Nf7 42. Rf8 Ne5 43. Nf4 $1 (43. Rxf5 $6 {is weaker:} Nd3+ 44. Kf1 Re6 {, and Black is getting active.}) 43... Rd6 44. Rxf5 Nbd7 45. Ke2 $18 {Neutralising any counterplay.} Kg7 46. h4 Nf7 47. Be4 Nde5 48. Nh5+ Kh6 49. Ng3 Re6 50. Ke3 {White is slowly improving his position.} Kg7 51. Rf1 Kf8 (51... Ng4+ 52. Kd4 Nf6 53. Bg2 Rd6+ 54. Kc5 Nd7+ 55. Kb4 $18 {wouldn't change much,}) 52. Nf5 Ng4+ 53. Kf4 Nf6 54. Bf3 Nd5+ {That makes White's task easier.} (54... Nd7 55. Ra1 Nfe5 56. Bh5 Kg8 57. Ra8+ Kh7 58. Ra7 $18) 55. Bxd5 cxd5 56. Ra1 Kg8 57. Ra8+ Kh7 58. Ra7 Rf6 59. h5 {Black is almost paralysed.} Kg8 60. Rd7 b4 61. cxb4 1-0